Guía de las rutas del Cid / (Record no. 5725)

MARC details
000 -LEADER
campo de control de longitud fija 00776nam a2200253 i 4500
001 - NÚMERO DE CONTROL
campo de control 5725
003 - IDENTIFICADOR DE NÚMERO DE CONTROL
campo de control ES-MaACL
005 - FECHA Y HORA DE LA ÚLTIMA TRANSACCIÓN
campo de control 20231222063025.0
007 - CAMPO FIJO DE DESCRIPCIÓN FÍSICA--INFORMACIÓN GENERAL
campo de control de longitud fija t|
008 - DATOS DE LONGITUD FIJA--INFORMACIÓN GENERAL
campo de control de longitud fija 890516s1988 sp ||||1| spa d
020 ## - NÚMERO INTERNACIONAL ESTÁNDAR DEL LIBRO
Número Internacional Estándar del Libro 84-86233-16-X
080 ## - NÚMERO DE LA CLASIFICACIÓN DECIMAL UNIVERSAL
Número de la Clasificación Decimal Universal 91.04(46)
100 1# - ENTRADA PRINCIPAL--NOMBRE DE PERSONA
Nombre de persona García Pérez, Guillermo,
Fechas asociadas al nombre 1942-
9 (RLIN) 55106
245 10 - MENCIÓN DEL TÍTULO
Título Guía de las rutas del Cid /
Mención de responsabilidad, etc. Guillermo García Pérez.
250 ## - MENCION DE EDICION
Mención de edición 1a ed.
260 ## - PUBLICACIÓN, DISTRIBUCIÓN, ETC.
Lugar de publicación, distribución, etc. Madrid :
Nombre del editor, distribuidor, etc. Tierra de Fuego,
Fecha de publicación, distribución, etc. 1988.
300 ## - DESCRIPCIÓN FÍSICA
Extensión 280 p. ;
Dimensiones 12 cm.
500 ## - NOTA GENERAL
Nota general Ded. autogr. del autor.
500 ## - NOTA GENERAL
Nota general Ejemp. con correcciones mss. del autor.
630 #0 - PUNTO DE ACCESO ADICIONAL DE MATERIA--TÍTULO UNIFORME
Título uniforme Poema del Cid-
Subdivisión general Topografía.
9 (RLIN) 123907
651 #4 - PUNTO DE ACCESO ADICIONAL DE MATERIA--NOMBRE GEOGRÁFICO
Nombre geográfico España-
Subdivisión general Descripción.
9 (RLIN) 8184
852 ## - LOCALIZACIÓN
Ubicación ES-MaACL
Número de control de estantería L-12746
Sublocalización o colección R.116513
Nota libre . - rust.
Holdings
Estatus retirado Estado de pérdida Estado de daño No para préstamo Biblioteca de origen Biblioteca actual Ubicación en estantería Fecha de adquisición Fuente de adquisición Total de préstamos Signatura topográfica completa Código de barras Visto por última vez Precio de reemplazo Tipo de ítem Koha
        Biblioteca del Ateneo de Madrid Biblioteca del Ateneo de Madrid Depósito 2 17/01/2008     L-12746 1005807 23/02/2023 23/02/2023 Libro impreso